Waste management policy statement (Record no. 118453)
[ view plain ]
| 000 -LEADER | |
|---|---|
| fixed length control field | 01296cam a2200217 4500 |
| 001 - CONTROL NUMBER | |
| control field | WB@3612-890 |
| 008 - FIXED-LENGTH DATA ELEMENTS--GENERAL INFORMATION | |
| fixed length control field | 041215n2004 000 0 eng u |
| 035 ## - SYSTEM CONTROL NUMBER | |
| System control number | (Sirsi) u128319 |
| 245 ## - TITLE STATEMENT | |
| Title | Waste management policy statement |
| 260 ## - PUBLICATION, DISTRIBUTION, ETC. | |
| Date of publication, distribution, etc. | 2004 |
| 490 ## - SERIES STATEMENT | |
| Series statement | ODPM News Release |
| Volume/sequential designation | (2004/0298) 6 December 2004 (2) |
| 520 ## - SUMMARY, ETC. | |
| Summary, etc. | "PPS10: planning for sustainable waste management" has been published in draft form. It aims to deliver a better match between the waste that communities generate and the facilities needed to manage it. Regional planning bodies and authorities must deliver sustainable development by driving waste management up the waste hierarchy and looking on waste as a resouce. The draft policy statement also provides the framework for setting a long-term vision for 15-20 years ahead as well as a short-term detailed plan of action. The consultation ends on 11 March 2005 and is available from: http://www.odpm.gov.uk/stellent/groups/odpm_contro l/documents/contentservertemplate/odpm_index.hcst? n=5609&l=2. http://www.odpm.gov.uk/pns/displaypn.cgi?pn_id=200 4_0298 |
| 590 ## - LOCAL NOTE (RLIN) | |
| Local note | WB |
| 590 ## - LOCAL NOTE (RLIN) | |
| Local note | WB |
| 650 ## - SUBJECT ADDED ENTRY--TOPICAL TERM | |
| Topical term or geographic name entry element | LOCAL AUTHORITIES |
| 650 ## - SUBJECT ADDED ENTRY--TOPICAL TERM | |
| Topical term or geographic name entry element | WASTE MANAGEMENT SITES |
| 650 ## - SUBJECT ADDED ENTRY--TOPICAL TERM | |
| Topical term or geographic name entry element | PPS10 |
| 650 ## - SUBJECT ADDED ENTRY--TOPICAL TERM | |
| Topical term or geographic name entry element | PLANNING GUIDANCE |
| 690 ## - LOCAL SUBJECT ADDED ENTRY--TOPICAL TERM (OCLC, RLIN) | |
| Topical term or geographic name as entry element | WASTE MANAGEMENT |
| 942 ## - ADDED ENTRY ELEMENTS (KOHA) | |
| Suppress in OPAC | 0 |
| Withdrawn status | Lost status | Source of classification or shelving scheme | Damaged status | Not for loan | Home library | Current library | Shelving location | Date acquired | Total Checkouts | Full call number | Barcode | Date last seen | Copy number | Price effective from | Koha item type |
|---|---|---|---|---|---|---|---|---|---|---|---|---|---|---|---|
| Dewey Decimal Classification | London | London | News article | 15/12/2004 | WB4048-15 | 128319-1001 | 06/08/2019 | 1 | 06/08/2019 | News article |